[Event "Floripa Chess Open 2024"]
[Site "Florianopolis"]
[Date "2024.01.28"]
[Round "10.155"]
[White "Cunha, Angelo"]
[Black "Rigo, Joanir Fernando"]
[Result "1-0"]
[WhiteElo "1598"]
[BlackElo "1302"]
[PlyCount "91"]
[EventDate "2024.01.20"]
[EventRounds "10"]
[EventCountry "BRA"]

1. e4 c5 2. Nf3 e6 3. d4 cxd4 4. Nxd4 Nf6 5. Nc3 Bb4 6. Bd3 Nc6 7. Nxc6 bxc6 8.
Bd2 d6 ({RR} 8... O-O 9. O-O e5 10. a3 Be7 11. b4 d5 12. exd5 cxd5 13. f3 Bb7
14. Ne2 Qc7 15. Rc1 e4 16. fxe4 dxe4 17. Bb5 Qb6+ {0-1 (17) Kinch,A-Nielsen,T 
(2250) Copenhagen 1997}) ({RR} 8... O-O 9. O-O d5 10. exd5 cxd5 11. Ne2 Qb6 12.
Bxb4 Qxb4 13. b3 e5 14. c3 Qc5 15. Rc1 e4 16. Bb1 Ba6 17. Re1 Ng4 18. Nd4 Ne5
19. Qh5 Nd3 20. Bxd3 Bxd3 21. Re3 Rac8 22. Rh3 e3 23. fxe3 {Strukov,D (1660)
-Kholodov,V (1939) Voronezh RUS 2019 1-0 (43)}) 9. O-O O-O 10. Qe2 e5 11. a3
$146 ({RR} 11. h3 h6 12. Rad1 Qe7 13. a3 Bxc3 14. Bxc3 Bb7 15. Rfe1 Rfd8 16.
Ba6 Nxe4 17. Qxe4 Bxa6 18. Qxc6 Bb7 19. Qb5 Rab8 20. Qe2 Qc7 21. Qg4 Qc6 22.
Rd3 Bc8 23. Qh4 Bf5 24. Rg3 Bg6 25. Ba5 Re8 {Vila Iborra,J-Ruiz Diez,J (2180)
Berga 1994 1/2-1/2 (45)}) 11... Ba5 12. b4 Bb6 13. Bg5 Bd4 14. Qd2 h6 15. Bh4
g5 16. Bg3 Nh5 17. Rab1 Nxg3 18. hxg3 a5 19. Ne2 Bb6 20. c4 axb4 21. axb4 Be6
22. Qb2 f5 23. Rfd1 fxe4 24. Bxe4 Bxf2+ 25. Kh1 Qc8 26. Nf4 Bxg3 27. Bg6 Qd7
28. Nh5 Bf2 29. Rf1 Bd4 30. Qc2 Qe7 31. Bf7+ Rxf7 32. Qg6+ Rg7 33. Nxg7 Bf7 34.
Qxh6 Qf8 35. Nf5 Qxh6+ 36. Nxh6+ Kg7 37. Nxf7 Rf8 38. Nxg5 Rh8+ 39. Nh3 Rh4 40.
b5 cxb5 41. cxb5 Ba7 42. b6 Bb8 43. Rfc1 d5 44. Rc8 Bd6 45. Rd8 Bc5 46. Rxd5
1-0

[Event "Floripa Chess Open 2024"]
[Site "Florianopolis"]
[Date "2024.01.28"]
[Round "10.156"]
[White "Orlandi Neto, Aristides"]
[Black "Tischler Lema Garcia, Maria Eduarda"]
[Result "0-1"]
[WhiteElo "1592"]
[BlackElo "1299"]
[PlyCount "94"]
[EventDate "2024.01.20"]
[EventRounds "10"]
[EventCountry "BRA"]

1. e4 c6 2. Ne2 d5 3. e5 c5 4. c3 Nc6 5. d4 cxd4 6. cxd4 Bg4 ({RR} 6... Bf5 7.
a3 e6 8. Nbc3 Nge7 9. Ng3 Bg6 10. Bd3 Rc8 11. O-O Bxd3 12. Qxd3 Ng6 13. Be3 Be7
14. f4 Nh4 15. f5 exf5 16. Nxf5 Nxf5 17. Qxf5 O-O 18. Qf3 f6 19. Qxd5+ Qxd5 20.
Nxd5 fxe5 21. dxe5 {Naiditsch,A (2720)-Najer,E (2663) Porto Vecchio 2015 1-0 
(42)}) ({RR} 6... Bf5 7. Nbc3 e6 8. Ng3 Bg6 9. Be3 h5 10. Bb5 h4 11. Nge2 h3
12. g3 Bh5 13. Qa4 Nge7 14. Nf4 Bf3 15. O-O a6 16. Be2 Bxe2 17. Ncxe2 Qa5 18.
Qb3 Qb4 19. Qxb4 Nxb4 20. a3 Nbc6 21. Rfc1 {Mamedov,R (2656)-Adly,A (2596)
Europe-Echecs INT 2021 1-0 (55)}) 7. h3 Bh5 $146 ({RR} 7... Bxe2 8. Bxe2 Qb6 9.
Be3 e6 10. Nc3 Nge7 11. g4 h5 12. Nb5 Ng6 13. gxh5 Nh4 14. Qb3 Nf5 15. Rc1 Bb4+
16. Kd1 O-O 17. Bd3 Rac8 18. Bxf5 exf5 19. Nd6 Bxd6 20. Qxb6 axb6 21. exd6 Rcd8
22. Rc3 {Firman,N (2519)-Bernadskiy,V (2521) Varna 2016 0-1 (47)}) 8. g4 Bg6 9.
Nf4 Be4 10. f3 Bxb1 11. Rxb1 e6 12. a3 Qh4+ 13. Ke2 b5 14. Ng2 Qe7 15. Kf2 Qb7
16. b4 Be7 17. Qd3 a6 18. Be3 Bd8 19. f4 Nge7 20. Be2 Nc8 21. f5 Nb6 22. fxe6
fxe6 23. Rhf1 O-O+ 24. Kg3 Bc7 25. Nf4 Rae8 26. Rf2 Nc4 27. Bd1 Bb6 28. Bc2 g6
29. Nxg6 hxg6 30. Qxg6+ Qg7 31. Rxf8+ Rxf8 32. Qxe6+ Qf7 33. Qxf7+ Rxf7 34. Bf4
Nxa3 35. Rb2 Bxd4 36. Ra2 Nxc2 37. Rxc2 Bxe5 38. Bxe5 Nxe5 39. Rc6 Rd7 40. Rc8+
Kg7 41. h4 d4 42. Rc1 d3 43. g5 d2 44. Rd1 Nc4 45. Kf3 Nb2 46. Ke2 Nxd1 47.
Kxd1 Kg6 0-1

[Event "Floripa Chess Open 2024"]
[Site "Florianopolis"]
[Date "2024.01.28"]
[Round "10.157"]
[White "Cardozo, Camila"]
[Black "De Oliveira, Gualter Amelio"]
[Result "1-0"]
[WhiteElo "1426"]
[BlackElo "1585"]
[PlyCount "42"]
[EventDate "2024.01.20"]
[EventRounds "10"]
[EventCountry "BRA"]

1. d4 d5 2. Bf4 e6 3. e3 Bd6 4. Bg3 Nf6 5. Nd2 c6 ({RR} 5... c5 6. c3 Nc6 7.
Bd3 e5 8. dxc5 Bxc5 9. Bb5 Qe7 10. Ngf3 e4 11. Nd4 Bd7 12. N4b3 Bd6 13. Bxc6
bxc6 14. c4 O-O 15. Bxd6 Qxd6 16. c5 Qe5 17. Qc2 a5 18. Nd4 Qg5 19. g3 Ng4 20.
Qc3 {Kamsky,G (2741)-Rakhmanov,A (2602) Khanty-Mansiysk 2013 0-1 (40)}) ({RR} 
5... O-O 6. Bd3 c5 7. c3 Qc7 8. Ngf3 Nbd7 9. O-O Bxg3 10. hxg3 e5 11. dxe5 Nxe5
{1/2-1/2 (11) Derakhshani,B (2373)-Turner,M (2509) London ENG 2021}) 6. Bd3 Qc7
$146 ({RR} 6... b6 7. Ngf3 Bb7 8. Ne5 O-O 9. c3 Qc7 10. Rc1 Nbd7 11. f4 c5 12.
O-O a6 13. Qf3 b5 14. Bh4 Be7 15. Rcd1 c4 16. Bb1 g6 17. Nxd7 Qxd7 18. Bg5 Ne8
19. Bh6 {1/2-1/2 (19) Dangelowski,P (1747)-Behling,H (1852) Hamburg 2005}) ({RR
} 6... Bxg3 7. hxg3 h6 8. Ngf3 Nbd7 9. c3 c5 10. g4 Ke7 11. Ne5 Nxe5 12. dxe5
Nd7 13. f4 b6 14. c4 Bb7 15. Qc2 f6 16. Nf3 fxe5 17. fxe5 dxc4 18. Be4 Bxe4 19.
Qxe4 Qc7 20. Rd1 Rad8 21. O-O {Bobzin,V (1381)-Dangelowski,P (1730) Hamburg
2013 0-1 (43)}) ({RR} 6... Qe7 7. Ngf3 b6 8. Qe2 Nfd7 9. Bh4 f6 10. e4 e5 11.
O-O-O exd4 12. Nxd4 Nc5 13. Rhe1 O-O 14. exd5 Qxe2 15. Bxe2 cxd5 16. Bf3 Bb7
17. Nf5 Be5 18. Nf1 Nba6 19. c3 Nc7 20. Ne7+ Kf7 21. Nxd5 {Seegers,H (2196)
-Taksrud,V (2024) Helsingor 2014 1-0 (59)}) 7. c4 Nbd7 8. Bxd6 Qxd6 9. c5 Qc7
10. f4 h5 11. h3 h4 12. Ngf3 Nh5 13. O-O Ndf6 14. Ng5 Ng3 15. Re1 Qd8 16. b4 g6
17. a4 Bd7 18. e4 Kf8 19. e5 Ng8 20. Nh7+ Ke8 21. Qg4 Rxh7 1-0

[Event "Floripa Chess Open 2024"]
[Site "Florianopolis"]
[Date "2024.01.28"]
[Round "10.158"]
[White "Gorgen, Antonio Rebello Hor"]
[Black "Espindola, Carlos Marcelo"]
[Result "1/2-1/2"]
[WhiteElo "1793"]
[BlackElo "1434"]
[PlyCount "71"]
[EventDate "2024.01.20"]
[EventRounds "10"]
[EventCountry "BRA"]

1. Nf3 Nf6 2. g3 d5 3. Bg2 c5 4. O-O Nc6 5. d4 cxd4 6. Nxd4 e5 7. Nxc6 bxc6 8.
c4 Be6 9. Nc3 Bc5 ({RR} 9... Rc8 10. cxd5 cxd5 11. Bg5 d4 12. Ne4 Be7 13. Bxf6
gxf6 14. f4 f5 15. Nf2 e4 16. g4 Rg8 17. Kh1 e3 18. Nd3 Rxg4 19. Bf3 Rg6 20.
Ne5 Kf8 21. Rc1 Rh6 22. Rxc8 Bxc8 23. Rg1 Bf6 24. Nd3 {Matlakov,M (2694)-Anand,
V (2779) Doha 2016 0-1 (37)}) ({RR} 9... Rc8 10. cxd5 cxd5 11. Qa4+ Qd7 12.
Qxd7+ Kxd7 13. Rd1 Bc5 14. Na4 Bd6 15. Bg5 Rc2 16. Bxf6 gxf6 17. Bxd5 Bxd5 18.
Rxd5 Ke6 19. Rad1 Be7 20. Kf1 Rhc8 21. Ra5 R8c7 22. g4 Bb4 23. Ra6+ Ke7 24. Rd3
{Bok,B (2643)-Hong,A (2390) chess.com INT 2019 1-0 (70)}) 10. Bg5 h6 $146 ({RR
} 10... Bd4 11. Bxf6 gxf6 12. cxd5 cxd5 13. e3 Bxc3 14. bxc3 Rc8 15. Qa4+ Qd7
16. Qh4 Ke7 17. e4 Rc5 18. f4 Qd6 19. Rab1 Rhc8 20. f5 Bd7 21. Qxh7 Rxc3 22.
exd5 Rc2 23. Qh6 Rxg2+ 24. Kxg2 Rc2+ 25. Rf2 {Angyal,F (2004)-Balint,R (1989)
Hungary 2012 0-1 (32)}) ({RR} 10... Bd4 11. cxd5 cxd5 12. Bxf6 gxf6 13. Nb5 Bb6
14. e3 Qd7 15. Nc3 e4 16. Ne2 Bg4 17. Qd2 Bxe2 18. Qxe2 h5 19. h4 f5 20. Rfd1
Rd8 21. Bf1 Kf8 22. Qb5 Ke7 23. Qxd7+ Rxd7 24. Bb5 Rd6 25. a4 {Silin,
S-Korobeynikov,A (1879) Novokuznetsk 2012 0-1 (48)}) ({RR} 10... O-O 11. cxd5
cxd5 12. Nxd5 Bxd5 13. Bxf6 Qxf6 14. Qxd5 Rac8 15. e3 Rfd8 16. Qe4 Qe6 17. Rfd1
g6 18. Rac1 Bb6 19. b3 Rxc1 20. Rxc1 Rd2 21. a4 Qxb3 22. Qxe5 Rd1+ 23. Rxd1
Qxd1+ 24. Bf1 Qxa4 {1/2-1/2 (24) Plecsko,Z (1957)-Gaal,A (1907) Hungary 2016})
11. Bxf6 Qxf6 12. cxd5 cxd5 13. Nxd5 Qd8 14. Nc7+ Qxc7 15. Bxa8 O-O 16. Bg2 Rd8
17. Qc1 Qb6 18. e3 Rc8 19. Qd1 Qxb2 20. Qa4 Qb6 21. Rab1 Qd6 22. Rfd1 Qe7 23.
Rb7 Qf6 24. Bd5 Bxd5 25. Rxd5 Bb6 26. Rbd7 Qf3 27. Qd1 Qe4 28. Qb3 Qf3 29. Rd1
h5 30. h4 e4 31. a4 Qf6 32. Qd5 Qf3 33. a5 Bxe3 34. Qxf7+ Qxf7 35. Rxf7 Kxf7
36. fxe3 1/2-1/2

[Event "Floripa Chess Open 2024"]
[Site "Florianopolis"]
[Date "2024.01.28"]
[Round "10.159"]
[White "Luzzi Meli, Pedro Allonso"]
[Black "Lopes, Marcia Maria Dias"]
[Result "1-0"]
[WhiteElo "1800"]
[BlackElo "1297"]
[PlyCount "65"]
[EventDate "2024.01.20"]
[EventRounds "10"]
[EventCountry "BRA"]

1. c4 Nf6 2. Nc3 d5 3. cxd5 Nxd5 4. g3 e6 5. Bg2 c6 6. e3 ({RR} 6. Nf3 Be7 7.
O-O Nd7 8. d4 Qc7 9. Qb3 N7f6 10. Re1 h6 11. e4 Nb6 12. Bf4 Qd8 13. Rad1 O-O
14. Ne5 Bd6 15. Nxc6 bxc6 16. Bxd6 Qxd6 17. e5 Qc7 18. exf6 gxf6 19. Re4 f5 20.
Rh4 Kg7 {Serper,G (2560)-Kejo,J Oslo 1994 1-0 (37)}) 6... Nxc3 ({RR} 6... Nd7
7. Nge2 Be7 8. O-O O-O 9. d4 N7f6 10. e4 Nc7 11. Qb3 b6 12. Rd1 Bb7 13. Nf4 Qc8
14. h3 Rd8 15. Be3 h6 16. Rd2 Rb8 17. Rad1 h5 18. e5 Nfd5 19. Nxh5 Nxe3 20.
fxe3 c5 21. Nf4 {Yedigaryan,A (1726)-Kong,S (1659) Porto Carras GRE 2018 1-0 
(37)}) 7. bxc3 g6 $146 ({RR} 7... Be7 8. Ne2 Nd7 9. O-O O-O 10. d4 Nb6 11. Qc2
Qc7 12. a4 e5 13. Ba3 Bxa3 14. Rxa3 Nc4 15. Raa1 exd4 16. cxd4 Nd6 17. Nf4 Qe7
18. Qc5 Re8 19. Rfc1 g5 20. Nd3 Bf5 21. Qa3 Be4 22. Bxe4 {Von Muenchhausen,K 
(1484)-Kohlstadt Erlebach,P (1671) Berlin 2006 1-0}) ({RR} 7... Be7 8. Ne2 O-O
9. O-O e5 10. a4 Qd3 11. Re1 Rd8 12. Qb3 b6 13. Qb1 Bb7 14. Qxd3 Rxd3 15. Be4
Rd8 16. d4 Bf6 17. Ba3 g6 18. Rab1 Rd7 19. Nc1 Bg7 20. Nb3 f5 21. Bg2 e4 22. c4
{Girak,B (1770)-Yakovlev,V Kiev 2010 0-1 (62)}) 8. Ne2 Bg7 9. O-O O-O 10. d4
Qc7 11. c4 b6 12. Ba3 Rd8 13. c5 Na6 14. Rc1 Bb7 15. Qb3 b5 16. Bb4 Nxb4 17.
Qxb4 a5 18. Qd2 a4 19. Ra1 e5 20. Rab1 exd4 21. exd4 Re8 22. Nf4 Rad8 23. Rb4
Qd7 24. Rd1 Qe7 25. d5 Qxc5 26. a3 Qd6 27. dxc6 Qxd2 28. Rxd2 Re1+ 29. Bf1 Rxd2
30. cxb7 Rd8 31. Rxb5 Rb8 32. Nd5 Rbe8 33. b8=Q 1-0

[Event "Floripa Chess Open 2024"]
[Site "Florianopolis"]
[Date "2024.01.28"]
[Round "10.160"]
[White "Morioka, Felipe Yukio"]
[Black "Dos Santos, Douglas Asterio"]
[Result "1-0"]
[WhiteElo "1612"]
[BlackElo "1353"]
[PlyCount "49"]
[EventDate "2024.01.20"]
[EventRounds "10"]
[EventCountry "BRA"]

1. e4 c6 2. Nc3 d5 3. Nf3 dxe4 4. Nxe4 Bf5 5. Ng3 Bg6 6. h4 h6 7. Ne5 Bh7 8.
Qh5 g6 9. Qf3 Nf6 10. Qb3 Qd5 11. Qxb7 Qxe5+ 12. Be2 Qd6 ({RR} 12... e6 13. a4
Bc5 14. d4 Bxd4 15. Qxa8 O-O 16. c3 Bxc3+ 17. Kf1 Bxb2 18. Bxb2 Qxb2 19. Rd1
Qb6 20. a5 Qxa5 21. Qb7 Qc5 22. Bf3 Nd5 23. Ne4 Qb5+ 24. Qxb5 cxb5 25. Nd6 Nc3
26. Ra1 a6 27. Ne4 {Alvarez Calzadilla,J (2287)-Glaves,R (2139) chess.com INT
2021 1-0 (78)}) 13. Qxa8 Qc7 14. Ba6 Qb6 $146 ({RR} 14... Nfd7 15. Qb7 Qxb7 16.
Bxb7 Nc5 17. Bc8 e6 18. d4 Na4 19. Bf4 Nd7 20. Bxd7+ Kxd7 21. Be5 Rg8 22. Ne4
Bg7 23. Bxg7 Rxg7 24. Nf6+ Ke7 25. Nxh7 Rxh7 26. O-O-O Rh8 27. Rh3 {1-0 (27)
Schreiber,A-Draeger,T Pinneberg 1996}) ({RR} 14... Kd7 15. Qb7 Qxb7 16. Bxb7
Kc7 17. Ba8 Bg7 18. d3 Nd5 19. Bxc6 Nxc6 20. c3 Nxc3 21. O-O Nd5 22. Ne4 Rb8
23. Rb1 f5 24. Nc5 Kd6 25. Nb3 f4 26. Rd1 g5 27. hxg5 hxg5 28. Ra1 Ncb4 29. Kh2
{Takano,N-Tarigan,G (1797) Juiz de Fora 2014 0-1 (35)}) ({RR} 14... Nfd7 15.
Qb7 Qxb7 16. Bxb7 Kd8 17. d3 Kc7 18. Ba8 Nb6 19. Bf4+ Kc8 20. Bxb8 Kxb8 21.
Bxc6 Bg7 22. O-O-O Rc8 23. Bf3 Bg8 24. Rhe1 Rc7 25. Re4 f5 26. Rb4 Bf8 27. a3
e5 28. Rb5 Bd6 29. Ne2 {Hurdzan,T (1883)-Kadlec,D (1409) Kouty nad Desnou 2012
1-0 (64)}) 15. Qb7 Nxa6 16. Qc8+ Qd8 17. Qxc6+ Qd7 18. Qxa6 e6 19. Qe2 Be7 20.
d3 h5 21. Bg5 Qb7 22. O-O-O Qxg2 23. Qe5 Rf8 24. Bxf6 Qxf2 25. Qb8+ 1-0

[Event "Floripa Chess Open 2024"]
[Site "Florianopolis"]
[Date "2024.01.28"]
[Round "10.161"]
[White "Barbosa, Kassio Rodrigo"]
[Black "Salomoni, Lorenzo"]
[Result "0-1"]
[WhiteElo "1548"]
[BlackElo "1800"]
[PlyCount "74"]
[EventDate "2024.01.20"]
[EventRounds "10"]
[EventCountry "BRA"]

1. e4 e5 2. Nf3 Nf6 3. Nc3 Nc6 4. Bb5 Bc5 5. O-O O-O 6. d3 Nd4 7. Nxe5 ({RR} 7.
Nxd4 Bxd4 8. Bc4 c6 9. Bb3 a5 10. a4 d5 11. exd5 Nxd5 12. Qe1 Be6 13. Nxd5 Bxd5
14. Bxd5 Qxd5 15. Qe2 Rad8 16. Be3 Rfe8 17. Rfe1 Re6 18. Bxd4 Qxd4 19. b3 Qc3
20. Rad1 Rd5 21. Qd2 Qxd2 {Naiditsch,A (2712)-Yu,Y (2753) Danzhou 2017 1/2-1/2
(36)}) ({RR} 7. Nxd4 Bxd4 8. Ne2 Bb6 9. Ng3 c6 10. Ba4 d5 11. h3 dxe4 12. dxe4
Qxd1 13. Rxd1 Be6 14. Bb3 Bxb3 15. axb3 h6 16. Kf1 Rfd8 17. Bd2 Ne8 18. Ke2 Nc7
19. Bc3 f6 20. Nf5 Ne6 21. h4 h5 {Yu Yangyi (2738)-Petrov,N (2585) Moscow RUS
2019 1-0 (86)}) 7... Re8 8. Nf3 $146 ({RR} 8. f4 Nf3+ 9. Kh1 Nh4 10. Bc4 d6 11.
Bxf7+ Kf8 12. Bxe8 Kxe8 13. f5 dxe5 14. Bg5 h6 15. Bxh4 g5 16. Bg3 Ng4 17. Qxg4
Qd4 18. Bf2 Qd6 19. Qh5+ Kf8 20. Nd5 Bd7 21. f6 Be8 22. Qxh6+ Kf7 {Beutel,
N-Einecke,A (776) Bad Homburg 2013 1-0 (47)}) 8... c6 9. Bc4 b5 10. Bb3 Nxb3
11. axb3 d6 12. Bg5 h6 13. Bh4 Bg4 14. h3 Bh5 15. Qe2 Bb6 16. Nd1 d5 17. e5
Bxf3 18. Qxf3 Rxe5 19. Ne3 Bxe3 20. fxe3 Re6 21. b4 Qd7 22. Bxf6 Rxf6 23. Qe2
Rg6 24. c3 Qxh3 25. Rf3 Qe6 26. c4 dxc4 27. dxc4 a6 28. b3 Rg4 29. Rc1 bxc4 30.
bxc4 Rb8 31. c5 Rb5 32. Rb1 a5 33. Qd3 Rbxb4 34. Qd8+ Kh7 35. Rbf1 a4 36. Qd3+
Qe4 37. Qd7 Rb7 0-1

[Event "Floripa Chess Open 2024"]
[Site "Florianopolis"]
[Date "2024.01.28"]
[Round "10.162"]
[White "Costa Neto, Luis Antonio"]
[Black "Carmo, Jose Arlindo"]
[Result "0-1"]
[WhiteElo "1415"]
[BlackElo "1541"]
[PlyCount "50"]
[EventDate "2024.01.20"]
[EventRounds "10"]
[EventCountry "BRA"]

1. c4 c6 2. Nf3 Nf6 3. Nc3 g6 4. e4 d6 5. d4 Bg7 6. Bd3 ({RR} 6. Bg5 Bg4 7. Qd2
Bxf3 8. gxf3 Nbd7 9. O-O-O h6 10. Be3 a6 11. Be2 b5 12. Rhg1 Qa5 13. b3 Qa3+
14. Qb2 Qxb2+ 15. Kxb2 b4 16. Na4 c5 17. Kc2 cxd4 18. Bxd4 Nh5 19. Be3 Be5 20.
Rg4 g5 {Vasic,Z (2080)-Ristic,N (2400) Nis 1996 0-1 (61)}) 6... Qc7 ({RR} 6...
Nbd7 7. O-O Qc7 8. Bg5 e5 9. d5 Nc5 10. Bc2 Bg4 11. Re1 h6 12. Be3 Rd8 13. b4
Na6 14. a3 Qb8 15. h3 Bd7 16. Qd2 g5 17. Red1 c5 18. bxc5 g4 19. hxg4 Bxg4 20.
Ba4+ Kf8 21. cxd6 {Perutti,R (1678)-Consoli,A (1394) Concordia BRA 2019 0-1 
(48)}) 7. h3 $146 ({RR} 7. Bf4 Nh5 8. Be3 O-O 9. O-O Nd7 10. Rc1 e5 11. dxe5
Nxe5 12. Nxe5 dxe5 13. c5 Nf4 14. Bc4 Be6 15. Qb3 Bxc4 16. Qxc4 Ne6 17. Ne2 Nf4
18. Rcd1 Nxe2+ 19. Qxe2 Rad8 20. b4 Rxd1 21. Rxd1 Rd8 {Stegariu,V (1744)
-Vladut,M (1919) Amara 2007 1/2-1/2 (47)}) ({RR} 7. Bf4 Nh5 8. Bg3 Nxg3 9. hxg3
Bg4 10. d5 Nd7 11. Qc2 Bxf3 12. gxf3 Bd4 13. O-O-O a6 14. Rhf1 c5 15. Ne2 Bg7
16. f4 O-O-O 17. Rde1 h5 18. Ng1 h4 19. Nf3 hxg3 20. fxg3 Rh3 21. Qg2 Rhh8 {
Ramos Martinez,A-Houard,A (1546) Galdar 2010 1/2-1/2 (53)}) ({RR} 7. Bf4 Nh5 8.
Be3 Nf6 9. Bf4 Nh5 10. Be3 Nf6 11. O-O e5 12. d5 O-O 13. Qd2 a6 14. Bh6 Ng4 15.
Bxg7 Kxg7 16. Qg5 h6 17. Qd2 Nf6 18. Ne1 Nbd7 19. f4 Qb6+ 20. Kh1 Ng4 21. Rf3
Nc5 {Ogurtzov,I (1688)-Semenov,S (1969) Kaluga 2013 1/2-1/2 (31)}) 7... O-O 8.
Bf4 Nbd7 9. d5 Nc5 10. Rc1 Nxd3+ 11. Qxd3 Nd7 12. b4 a6 13. dxc6 bxc6 14. c5
Ne5 15. Nxe5 dxe5 16. Bg3 Be6 17. O-O Rfd8 18. Qe2 Rd4 19. Qb2 Rad8 20. Rfd1
R8d7 21. f3 Bh6 22. Rxd4 Bxc1 23. Rxd7 Bxb2 24. Rxc7 Bxc3 25. Bxe5 Bxe5 0-1

[Event "Floripa Chess Open 2024"]
[Site "Florianopolis"]
[Date "2024.01.28"]
[Round "10.163"]
[White "Mariani, Kim Paul"]
[Black "Goncalves, Richard Gabriel Sim"]
[Result "0-1"]
[WhiteElo "1530"]
[BlackElo "1800"]
[PlyCount "68"]
[EventDate "2024.01.20"]
[EventRounds "10"]
[EventCountry "BRA"]

1. d4 d5 2. c4 e6 3. Nc3 Nf6 4. cxd5 exd5 5. Bg5 Be7 6. e3 c6 7. Qc2 Be6 ({RR} 
7... a5 8. Bd3 Na6 9. a3 Nc7 10. Nge2 Ne6 11. Bh4 g6 12. O-O O-O 13. Rab1 Ng7
14. f3 Nf5 15. Bf2 c5 16. g4 Nxd4 17. exd4 c4 18. Nf4 cxd3 19. Nxd3 Ne8 20.
Rbe1 Nc7 21. Be3 Bh4 22. Re2 {Brodsky,M (2561)-Matlakov,M (2410) St Petersburg
2006 1/2-1/2}) 8. Nf3 Nbd7 9. Bd3 ({RR} 9. h3 Nh5 10. Bxe7 Qxe7 11. Bd3 g6 12.
g4 Ng7 13. O-O-O O-O-O 14. Ne2 h5 15. g5 Bf5 16. Bxf5 Nxf5 17. Kb1 Rde8 18. Nc1
f6 19. Rhg1 fxg5 20. Nxg5 Rhf8 21. Nd3 Nh4 22. Rg3 Nf5 23. Rg2 Qd6 {Drazic,S 
(2370)-Peng,X (2459) Novi Sad SRB 2019 0-1 (61)}) 9... Rc8 $146 ({RR} 9... h6
10. Bh4 Rc8 11. Ne5 Nxe5 12. dxe5 Nd7 13. Bxe7 Qxe7 14. f4 Nc5 15. Be2 g6 16.
b4 Bf5 17. Qd2 Ne4 18. Nxe4 Bxe4 19. O-O Rd8 20. Qd4 O-O 21. Bf3 Bf5 22. g4 Be6
23. Be2 Kh7 24. Kh1 {Brank,Z (1500)-Decleva,G (1894) Lucija 2006 1-0 (37)}) ({
RR} 9... h6 10. Bf4 Nh5 11. O-O O-O 12. Rfe1 Re8 13. h3 Nxf4 14. exf4 Nf8 15.
f5 Bd7 16. Re2 Bd6 17. Ne5 Qh4 18. Nf3 Rxe2 19. Nxe2 Qf6 20. Ng3 Re8 21. Nh5
Qd8 22. g4 Nh7 23. Qd2 Ng5 24. Nxg5 {Tamm,R (1718)-Neese,H (2176) Bad
Salzuflen 2002 0-1 (33)}) ({RR} 9... h6 10. Bh4 O-O 11. O-O Ne8 12. Bg3 Bd6 13.
Ne2 Bxg3 14. hxg3 Nd6 15. Nh4 Qe8 16. Rfc1 Bg4 17. Nf5 Bxf5 18. Bxf5 Nxf5 19.
Qxf5 Nf6 20. Nc3 Ne4 21. Nxe4 Qxe4 22. Qxe4 dxe4 23. Rc5 Rfd8 24. Rac1 {
Mertanen,J-Lehtinen,H Turku 1993 1/2-1/2 (35)}) 10. O-O O-O 11. Rab1 h6 12. Bh4
Bg4 13. Nd2 Bd6 14. b4 Be6 15. Qb2 Qc7 16. h3 g5 17. Bg3 Bxg3 18. fxg3 Qxg3 19.
Rf3 Qd6 20. Rbf1 g4 21. Rxf6 Nxf6 22. Rxf6 Kg7 23. Rf4 gxh3 24. Nf3 Rg8 25. Ne5
Kf8 26. Bf1 Qe7 27. Qf2 Ke8 28. e4 Rc7 29. exd5 cxd5 30. Bb5+ Kd8 31. Qf3 Rxg2+
32. Kh1 Qg5 33. Ne2 f5 34. Qe3 Rh2+ 0-1

[Event "Floripa Chess Open 2024"]
[Site "Florianopolis"]
[Date "2024.01.28"]
[Round "10.164"]
[White "Nascimento, Bianca Alencar De S"]
[Black "Guimaraes, Victor Carib Crosla"]
[Result "0-1"]
[WhiteElo "1389"]
[BlackElo "1522"]
[PlyCount "100"]
[EventDate "2024.01.20"]
[EventRounds "10"]
[EventCountry "BRA"]

1. e4 Nc6 2. d4 d5 3. e5 Bf5 4. c3 e6 5. Nf3 h6 6. Bd3 ({RR} 6. Bf4 Nge7 7. Bb5
Ng6 8. Be3 Be7 9. Qa4 Qd7 10. Nbd2 a6 11. Be2 O-O 12. h3 b5 13. Qd1 Na5 14. O-O
Nh4 15. Nxh4 Bxh4 16. g3 Be7 17. Bg4 Bd3 18. Re1 b4 19. Nb3 Nxb3 20. axb3 Bg6 {
Ay,I-Korkut,A (1348) Konya TUR 2019 1-0 (51)}) 6... Nge7 7. Nh4 Bxd3 8. Qxd3 g5
$146 ({RR} 8... Nc8 9. g3 Be7 10. Ng2 Nb6 11. b3 a6 12. Ba3 Na7 13. Bxe7 Qxe7
14. O-O c5 15. Nd2 O-O 16. f4 Nc6 17. a3 Na5 18. f5 Rac8 19. f6 Qd8 20. fxg7
Kxg7 21. Rf6 Nd7 22. Rf2 Qg5 23. Nf4 {Marchal,C (1884)-Schuster,T (1528)
Differdange 2007 1-0}) 9. Nf3 Ng6 10. b4 a6 11. Be3 Qd7 12. a4 Be7 13. O-O O-O
14. g3 Kg7 15. Nbd2 b5 16. axb5 axb5 17. Qxb5 Ncxe5 18. Qe2 Nxf3+ 19. Nxf3 Ra4
20. Qd2 Rfa8 21. Rxa4 Qxa4 22. h4 f6 23. h5 Nf8 24. g4 Qb3 25. Qd3 Ra3 26. Bd2
Bxb4 27. Rb1 Qa4 28. Bc1 Rxc3 29. Qe2 Bd6 30. Be3 Qc4 31. Qb2 Rc2 32. Qb8 Qe2
33. Qb3 Rc4 34. Bd2 Rc6 35. Re1 Qc4 36. Qb8 Rb6 37. Qd8 Qc6 38. Rc1 Qd7 39. Qa8
Qb5 40. Ra1 Rb8 41. Qa7 Qb7 42. Qa4 c5 43. dxc5 Bxc5 44. Rc1 Qa7 45. Qxa7+ Bxa7
46. Rc7+ Kg8 47. Rxa7 e5 48. Ba5 d4 49. Re7 Ra8 50. Bc7 Ra2 0-1

[Event "Floripa Chess Open 2024"]
[Site "Florianopolis"]
[Date "2024.01.28"]
[Round "10.165"]
[White "Koinski, Carlos Cesar"]
[Black "Santiago, Mauro"]
[Result "1/2-1/2"]
[WhiteElo "1371"]
[BlackElo "1516"]
[PlyCount "102"]
[EventDate "2024.01.20"]
[EventRounds "10"]
[EventCountry "BRA"]

1. c4 Nf6 2. d4 g6 3. Nc3 d5 4. e3 Bg7 5. cxd5 Nxd5 6. Nf3 O-O 7. g3 c5 8. Bg2
Nxc3 9. bxc3 cxd4 10. cxd4 Nc6 11. O-O Bg4 ({RR} 11... Be6 12. Qe2 Rc8 13. Bd2
Qd7 14. Ng5 Bd5 15. Bh3 e6 16. Rfc1 h6 17. Nf3 b5 18. Bc3 b4 19. Be1 f5 20. Bg2
a5 21. Qb5 Rc7 22. Nh4 Nxd4 23. Qxd7 Ne2+ 24. Kf1 Bxg2+ 25. Kxe2 Rxd7 26. Nxg2
{Tosic,M (2502)-Atalik,S (2598) Vrnjacka Banja 1999 0-1 (40)}) 12. h3 ({RR} 12.
Qb3 Na5 13. Qb4 Rc8 14. Ba3 Re8 15. Rac1 b6 16. Ne5 Be2 17. Rfe1 Ba6 18. Nc6
Nxc6 19. Bxc6 Rf8 20. Qxe7 Kh8 21. Qxd8 Rfxd8 22. Be7 Rg8 23. Bd5 Bf8 24. Rxc8
Bxc8 25. Bf6+ Bg7 26. Bxg7+ Kxg7 {Todorovic,B (2278)-Chen,M (1997) chess.com
INT 2021 1-0 (54)}) 12... Bf5 13. a3 $146 ({RR} 13. Bb2 Rc8 14. Rc1 Qd7 15. Kh2
Nb4 16. Qb3 Nd3 17. Rxc8 Rxc8 18. Ba1 b5 19. Nh4 a5 20. Nxf5 Qxf5 21. e4 Qe6
22. d5 Qb6 23. Qxd3 Bxa1 24. Rxa1 Qxf2 25. Rf1 Qxa2 26. Qxb5 a4 27. e5 a3 {
Anvarov,I-Sandoyan,E Dos Hermanas 2004 1-0 (55)}) ({RR} 13. Ba3 Qd7 14. g4 Be6
15. Nh2 Bc4 16. Re1 Rfd8 17. Bb2 Rac8 18. f4 e6 19. Rc1 Ba6 20. Nf3 Na5 21. Ne5
Qe7 22. Qa4 b6 23. Rxc8 Rxc8 24. Rc1 Rxc1+ 25. Bxc1 Bxe5 26. dxe5 Bb7 27. g5
Bxg2 {Sell,C (1432)-Kleemeyer,O (1625) Berlin 2005 1-0 (65)}) ({RR} 13. Qe2 Be4
14. Bb2 Qd5 15. Rfd1 Rac8 16. Ne1 Bxg2 17. Nxg2 Nb4 18. Nf4 Qa5 19. Qe1 Qa4 20.
Rab1 e6 21. Nd3 Nxd3 22. Rxd3 Qc2 23. Rd2 Qe4 24. d5 exd5 25. Bxg7 Kxg7 26.
Rxb7 Rc4 27. Rxa7 Rfc8 {Van Foreest,J (2284)-Gutkind,K (1969) Vlissingen 2013
0-1 (49)}) 13... Be4 14. Bb2 Qb6 15. Bc3 Rad8 16. Ne1 Bxg2 17. Kxg2 Ne5 18. Bb4
Nc6 19. Rb1 Nxb4 20. Rxb4 Qc6+ 21. Kg1 e5 22. Qc2 exd4 23. exd4 Qe6 24. Rxb7
Qxh3 25. Nf3 Rd5 26. Qe4 Rh5 27. Nh4 g5 28. Qg2 Qxg2+ 29. Nxg2 Bxd4 30. Rb5 f5
31. a4 Rh6 32. Rd5 Bg7 33. Rfd1 Ra6 34. a5 Bc3 35. Rc1 Rxa5 36. Rxa5 Bxa5 37.
Rc5 Bb6 38. Rb5 Kg7 39. g4 fxg4 40. Rxg5+ Kh6 41. Rxg4 Rxf2 42. Kh1 Rf5 43. Nf4
Be3 44. Ne6 a5 45. Kg2 Re5 46. Rh4+ Kg6 47. Nf8+ Kg7 48. Nd7 Rg5+ 49. Kf3 Bd2
50. Re4 Rf5+ 51. Ke2 Bb4 1/2-1/2